00762nam a22001817a 4500003000900000008004100009040007100050082001700121100002200138110002800160245008700188260002800275300005000303505015900353650002300512650001800535650002700553AR-CdUCM190606b ||||| |||| 00| 0 spa d aMUNICIPALIDAD PROVINCIAL DEL CUSCOcBIBLIOTECA MUNICIPAL DEL CUSCO a301.3 /bC18 aCalvo C., Rossano aMunicipalidad del Qosqo aQosqo sociedad de ideología siglo XX :b(Estudios de antropología del Qosqo) / aCusco :bYañezc1995. a159 páginas ;bFotografías a b/n,c24 cm. aContenido: Los retratos del mestizaje cusqueño en el siglo XX -- En torno a la puerta en valor -- Cultura popular en los negocios historicos de Qosqo... aHistoria del Cusco aCultura Qosqo aIdeología del Qosqo